01398nam a2200289 i 4500003000900000005001700009007000300026008004100029020001800070040003000088041000800118082001800126111017300144245022400317264008200541300007400623336002700697337003400724338002800758700006100786700005500847700004800902910000700950942001400957952012000971999001701091DO-SdBNP20250611130819.0ta250611b2013 dr abd|| |||| 00| 0 spa d a9789945884180 aDO-SdBNPbspacBNPHUerda aspa 4axxxbI61s2221 aInternational Labour Office, Dominican Republic Ministerio de Trabajo, Foro Internacional sobre Empleo y Capacitación.d30 Octubre 2013 :n2do. cSanto Domingo98806210a2do Foro Internacional sobre Empleo y Capacitación Motores del Futuro en Santo Domingo /ccoordinador general, Álvaro Ramírez Bogante ; coordinadora técnica, Mirian López Jorge ; fotografía, Alfredo Moronta. aSanto Domingo : bOIT : República Dominicana. Ministerio de Trabajo,c2013. a55 páginas :bilustraciones, gráficos, mapas, retratos ;c28 cm.  atextobtxt2rdacontent asin mediación bn2rdamedia avolumenbnc2rdacarrier1 aRamírez Bogante, Álvaro,ecoordinador4coord.9880641 aLópez Jorge, Mirian ecoordinador4coord.9880651 aMoronta, Alfredo efotógrafo4fot.988066 aLP 2ddccLBS1 00102ddc51708PDaBNPHUbBNPHUcCTd2019-04-12eDonaciónl0oxxx I61sp2025-5088r2025-06-11w2025-06-11yLBS1 c59230d59230